000 00382nam a2200145Ia 4500
008 230917s9999||||xx |||||||||||||| ||und||
040 _e80741
_aMAIN
041 _aEnglish
082 _a342.7 C448H
100 _aChitnis, Vijay, ed
245 0 _aHuman rights and the law: national global perspectives
260 _aMumbai
_bSnow White
_c1997
300 _axiv, 482 p.
942 _cBK
999 _c91904
_d91904